[Jozef Felix (1913-1977) a cesta k modernej slovenskej romanistike]

Recenzia na monografiu s názvom Jozef Felix (1913-1977) a cesta k modernej slovenskej romanistike. Monografia je venovaná Jozefovi Felixovi - prekladateľovi, literárnemu kritikovi, pedagógovi ako aj zakladateľovi románskych štúdií na Slovensku.

Saved in:
Bibliographic Details
Main Author: Tureková, Andrea, 1979-
Format: Book Chapter
Language:French
Subjects:
Tags: Add Tag
No Tags, Be the first to tag this record!

MARC

LEADER 00000naa a2200000 4500
001 0225186
005 20240502083601.1
041 0 |a fre 
044 |a CZ 
245 1 0 |a [Jozef Felix (1913-1977) a cesta k modernej slovenskej romanistike]  |c Andrea Tureková 
520 |a Recenzia na monografiu s názvom Jozef Felix (1913-1977) a cesta k modernej slovenskej romanistike. Monografia je venovaná Jozefovi Felixovi - prekladateľovi, literárnemu kritikovi, pedagógovi ako aj zakladateľovi románskych štúdií na Slovensku. 
610 2 0 |a jazyky cudzie 
610 2 0 |a francúzština 
610 2 0 |a pedagogika 
610 2 0 |a prekladateľstvo 
610 2 0 |a recenzie 
100 1 |a Tureková, Andrea, 1979-